Produkce a spotřeba cukru ve světě.
Analýza teritoriálnych aspektov dynamiky celosvetovej produkcie a spotreby cukru. Prehľad hektárových výnosov cukrovej repy svetových producentov v rokoch 1980-1988. Vývoj celkovej spoteby cukru v kg na 1 obyvateľa.
Enregistré dans:
| Auteur principal: | |
|---|---|
| Format: | Chapitre de livre |
| Langue: | tchèque |
| Sujets: | |
| Tags: |
Pas de tags, Soyez le premier à ajouter un tag!
|
MARC
| LEADER | 00000naa a2200000 4500 | ||
|---|---|---|---|
| 001 | r002539 | ||
| 005 | 20220819181047.8 | ||
| 041 | 0 | |a cze | |
| 044 | |a [CS] | ||
| 245 | 1 | 0 | |a Produkce a spotřeba cukru ve světě. |c Václav Vybíhal |
| 520 | |a Analýza teritoriálnych aspektov dynamiky celosvetovej produkcie a spotreby cukru. Prehľad hektárových výnosov cukrovej repy svetových producentov v rokoch 1980-1988. Vývoj celkovej spoteby cukru v kg na 1 obyvateľa. | ||
| 610 | 2 | 0 | |a cukor |
| 610 | 2 | 0 | |a produkcia |
| 610 | 2 | 0 | |a spotreba |
| 610 | 2 | 0 | |a metodika |
| 610 | 2 | 0 | |a údaje štatistické |
| 610 | 2 | 0 | |a svet |
| 610 | 2 | 0 | |a výnosy hektárové |
| 610 | 2 | 0 | |a 1980-1988 |
| 100 | 1 | |a Vybíhal, Václav | |